[Event "DEM U12w 2022"]
[Site "Willingen GER"]
[Date "2022.06.05"]
[Round "1"]
[White "Mo, Keyou"]
[Black "Schube, Theresa"]
[Result "1/2-1/2"]
[Termination "normal"]
[Board "14"]
[WhiteElo "1150"]
[BlackElo "1167"]
[PlyCount "63"]
[WhiteFideId "34623582"]
[BlackFideId "34608800"]
[EventCountry "GER"]
[EventRounds "9"]
[EventType "swiss"]
[EventDate "2022.06.04"]

1. e4 e5 2. Nf3 Nc6 3. Bc4 Bc5 4. Nc3 Nf6 5. d3 h6 6. Be3 Bb6 7. h3 d6 8. Qd2
Be6 9. Bb3 d5 10. exd5 Nxd5 11. Nxd5 Bxd5 12. Qe2 O-O 13. O-O Re8 14. c4 Na5
15. cxd5 Nxb3 16. axb3 Qxd5 17. Qc2 c6 18. Rfe1 Rad8 19. Rad1 Qb5 20. Bxb6 axb6
21. Qc3 Rd5 22. d4 e4 23. Ne5 f6 24. Ng4 Red8 25. Rxe4 f5 26. Nxh6+ gxh6 27.
Re7 f4 28. Qf3 Rxd4 29. Qg4+ Qg5 30. Qe6+ Kh8 31. Re8+ Kg7 32. Re7+ 1/2-1/2

[Event "DEM U12w 2022"]
[Site "Willingen GER"]
[Date "2022.06.05"]
[Round "1"]
[White "Milman, Sophie"]
[Black "Vogt, Luna"]
[Result "0-1"]
[Termination "normal"]
[Board "16"]
[WhiteElo "1202"]
[BlackElo "1334"]
[PlyCount "120"]
[WhiteFideId "34608885"]
[BlackFideId "34607153"]
[EventCountry "GER"]
[EventRounds "9"]
[EventType "swiss"]
[EventDate "2022.06.04"]

1. e4 e5 2. Nf3 Nc6 3. d4 exd4 4. Nxd4 Qh4 5. Nc3 Bb4 6. Be2 Qxe4 7. Ndb5 Bxc3+
8. bxc3 Kd8 9. O-O Nf6 10. Re1 Re8 11. Be3 d6 12. Rb1 Qd5 13. a3 Qxd1 14. Rbxd1
a6 15. Nd4 Nxd4 16. Bxd4 Bf5 17. Bd3 Bg6 18. Bxf6+ gxf6 19. Rxe8+ Kxe8 20. Re1+
Kd7 21. Kf1 Re8 22. Rxe8 Kxe8 23. Ke2 Kd7 24. Ke3 Ke6 25. f4 c5 26. g4 Bxd3 27.
cxd3 f5 28. g5 f6 29. h4 b5 30. d4 fxg5 31. fxg5 a5 32. dxc5 dxc5 33. h5 b4 34.
cxb4 cxb4 35. axb4 axb4 36. g6 hxg6 37. h6 Kf7 38. Kd3 g5 39. Kc4 Kg6 40. h7
Kxh7 41. Kxb4 g4 42. Kc3 Kg6 43. Kd2 f4 44. Ke2 Kg5 45. Kf1 Kh4 46. Kg1 f3 47.
Kf2 Kh3 48. Kg1 Kg3 49. Kh1 Kf2 50. Kh2 g3+ 51. Kh3 g2 52. Kg4 g1=Q+ 53. Kf4
Qe1 54. Kf5 Kg3 55. Kf6 Kf4 56. Kg6 Qe7 57. Kh6 Qg5+ 58. Kh7 Kf5 59. Kh8 Kf6
60. Kh7 Qg7# 0-1

[Event "DEM U12w 2022"]
[Site "Willingen GER"]
[Date "2022.06.05"]
[Round "1"]
[White "Will, Elina"]
[Black "Rössling, Laura Marie"]
[Result "0-1"]
[Termination "normal"]
[Board "17"]
[WhiteElo "1333"]
[BlackElo "1063"]
[PlyCount "128"]
[WhiteFideId "34623434"]
[BlackFideId "16289471"]
[EventCountry "GER"]
[EventRounds "9"]
[EventType "swiss"]
[EventDate "2022.06.04"]

1. e4 e5 2. Nf3 Nc6 3. d4 exd4 4. Nxd4 Bc5 5. Be3 Qf6 6. c3 Nge7 7. Qd2 d6 8.
Bb5 O-O 9. O-O Bd7 10. a4 Nxd4 11. cxd4 Bxb5 12. axb5 Bb6 13. Bg5 Qe6 14. d5
Qd7 15. Nc3 Ng6 16. Qe2 Bd4 17. Rfc1 f6 18. Be3 Bxe3 19. Qxe3 Rfe8 20. Qf3 f5
21. exf5 Nh4 22. Qg4 Nxf5 23. Ne4 Qf7 24. h3 Nd4 25. Ra3 Nxb5 26. Rf3 Qg6 27.
Qxg6 hxg6 28. Ng5 Re5 29. h4 Rxd5 30. Kh2 Re8 31. Rb3 Re2 32. Kg3 Rf5 33. f3 b6
34. Rc4 d5 35. Rcb4 a6 36. Ra4 d4 37. Rxa6 Nd6 38. Ra8+ Rf8 39. Rxf8+ Kxf8 40.
f4 Nf5+ 41. Kf3 Re8 42. g3 Re7 43. Rd3 Re1 44. Kf2 Rb1 45. Rd2 c5 46. Ne6+ Kf7
47. Nc7 d3 48. Nd5 Rc1 49. Nxb6 Rc2 50. Ke1 Ke6 51. Rxd3 Rxb2 52. Nc4 Rb1+ 53.
Kd2 Rg1 54. Ne5 Nxg3 55. Ra3 Ne4+ 56. Ke3 Rg3+ 57. Kxe4 Rxa3 58. Nxg6 c4 59.
Ne5 c3 60. Nd3 c2 61. Nc1 Ra1 62. Nd3 c1=Q 63. Nxc1 Rxc1 64. f5+ Kf6 0-1

[Event "DEM U12w 2022"]
[Site "Willingen GER"]
[Date "2022.06.05"]
[Round "1"]
[White "Abram, Kristina-Maria"]
[Black "Dodul, Alice"]
[Result "0-1"]
[Termination "normal"]
[Board "18"]
[WhiteElo "1044"]
[BlackElo "1329"]
[PlyCount "42"]
[WhiteFideId "16298349"]
[BlackFideId "34623817"]
[EventCountry "GER"]
[EventRounds "9"]
[EventType "swiss"]
[EventDate "2022.06.04"]

{normal} 1. e4 e5 2. Nf3 Nc6 3. Bc4 Bc5 4. d3 Nf6 5. Nc3 d6 6. h3 Be6 7. Bb3
Qd7 8. Be3 Bb6 9. O-O h6 10. Ne2 g5 11. g4 O-O-O 12. Ng3 Qe7 13. c3 Bxe3 14.
fxe3 Rdf8 15. Rf2 h5 16. Kf1 hxg4 17. hxg4 Nxg4 18. Re2 Qf6 19. Kg2 Qh6 20. Qd2
Qh3+ 21. Kg1 Qxg3+ 0-1

[Event "DEM U12w 2022"]
[Site "Willingen GER"]
[Date "2022.06.05"]
[Round "1"]
[White "Xiao, Yiyi"]
[Black "Janssen, Mareike"]
[Result "1-0"]
[Termination "normal"]
[Board "19"]
[WhiteElo "1064"]
[BlackElo "1022"]
[PlyCount "191"]
[WhiteFideId "34605665"]
[BlackFideId "34607145"]
[EventCountry "GER"]
[EventRounds "9"]
[EventType "swiss"]
[EventDate "2022.06.04"]

1. e4 e5 2. Nf3 Nc6 3. Bc4 Be7 4. d3 Nf6 5. Nc3 O-O 6. O-O d6 7. h3 h6 8. Be3
Bd7 9. Qd2 Nh7 10. Nd5 Bg5 11. c3 Na5 12. Bxg5 Nxg5 13. Nxg5 hxg5 14. Bb3 g4
15. Kh2 gxh3 16. gxh3 c6 17. Nb4 Nxb3 18. axb3 Be6 19. c4 a5 20. Nc2 d5 21. Rg1
Qh4 22. Rg3 dxe4 23. dxe4 Qxe4 24. Rag1 g6 25. Re1 Rfd8 26. Qxd8+ Rxd8 27. Rxe4
Rd2 28. Na3 Rxb2 29. Rxe5 Rxf2+ 30. Rg2 Rf3 31. Rg3 Rf2+ 32. Kg1 Ra2 33. Rxa5
Rd2 34. Ra8+ Kg7 35. Rg2 Rd3 36. b4 Bxh3 37. Re2 Rd1+ 38. Kf2 Rf1+ 39. Ke3 Bg4
40. Rf2 Re1+ 41. Kd4 Rd1+ 42. Kc5 Re1 43. Ra7 Re5+ 44. Kb6 Bc8 45. Kc7 Bh3 46.
Rxb7 Bf5 47. Ra7 Re7+ 48. Kb6 Re8 49. Kxc6 Rc8+ 50. Rc7 Be4+ 51. Kb6 Rb8+ 52.
Kc5 Ra8 53. Rfxf7+ Kh6 54. Ra7 Rc8+ 55. Rfc7 Rf8 56. b5 Rf5+ 57. Kb4 Rf1 58. c5
Rf4 59. Ka5 Rf5 60. b6 Re5 61. Ka6 Bd3+ 62. Kb7 Be4+ 63. c6 Re8 64. Ra8 Re6 65.
Ka7 Rxc6 66. Rxc6 Bxc6 67. b7 Bxb7 68. Kxb7 g5 69. Kc6 Kh5 70. Kd5 Kh4 71. Ke4
Kh3 72. Kf3 g4+ 73. Kf2 g3+ 74. Kg1 Kg4 75. Kg2 Kf4 76. Rg8 Ke4 77. Rxg3 Kd5
78. Rg4 Ke5 79. Kf3 Kf5 80. Nc4 Ke6 81. Ke4 Kf6 82. Rf4+ Ke6 83. Rf5 Kd7 84.
Re5 Kc6 85. Rd5 Kc7 86. Rd6 Kb7 87. Kd5 Kc7 88. Ne5 Kb7 89. Rc6 Ka7 90. Nd7 Kb7
91. Kc5 Ka8 92. Rb6 Ka7 93. Rb4 Ka6 94. Nb8+ Ka5 95. Nc6+ Ka6 96. Rb6# 1-0

[Event "DEM U12w 2022"]
[Site "Willingen GER"]
[Date "2022.06.05"]
[Round "1"]
[White "Fomenkova, Elina"]
[Black "Hoffmann, Svenja"]
[Result "0-1"]
[Termination "normal"]
[Board "20"]
[WhiteElo "933"]
[BlackElo "1284"]
[PlyCount "108"]
[WhiteFideId "34623760"]
[BlackFideId "16287312"]
[EventCountry "GER"]
[EventRounds "9"]
[EventType "swiss"]
[EventDate "2022.06.04"]

{normal} 1. e4 e5 2. d4 exd4 3. c3 dxc3 4. Bc4 d6 5. e5 Nc6 6. exd6 Bxd6 7.
Bxf7+ Kxf7 8. Qh5+ g6 9. Qf3+ Nf6 10. Nxc3 Bb4 11. Nge2 Bxc3+ 12. Nxc3 Re8+ 13.
Be3 Nd4 14. Qd1 Bg4 15. Qc1 Re7 16. O-O Be2 17. Re1 Bf3 18. Bxd4 Rxe1+ 19. Qxe1
Qxd4 20. gxf3 Re8 21. Qd1 Qf4 22. Nd5 Qg5+ 23. Kf1 Qxd5 24. Qxd5+ Nxd5 25. Rd1
Nb4 26. a3 Nc6 27. Rd7+ Re7 28. Rxe7+ Kxe7 29. Ke2 g5 30. Ke3 Ke6 31. Ke4 Ne5
32. h3 a5 33. f4 gxf4 34. Kxf4 Nd3+ 35. Kg5 Nxf2 36. h4 Ne4+ 37. Kh6 b5 38.
Kxh7 c5 39. Kg7 Nf6 40. Kg6 c4 41. h5 Nxh5 42. Kxh5 b4 43. a4 c3 44. bxc3 bxc3
45. Kg4 c2 46. Kf4 c1=Q+ 47. Kf3 Qc4 48. Ke3 Ke5 49. Kf3 Qe4+ 50. Kg3 Qf4+ 51.
Kg2 Ke4 52. Kg1 Qd2 53. Kf1 Kf3 54. Kg1 Qg2# 0-1

[Event "DEM U12w 2022"]
[Site "Willingen GER"]
[Date "2022.06.07"]
[Round "4"]
[White "Trunz, Tamila"]
[Black "Sickmann, Lisa"]
[Result "0-1"]
[Termination "normal"]
[Board "1"]
[WhiteElo "1474"]
[BlackElo "1660"]
[WhiteClock "00:00:59"]
[BlackClock "00:53:13"]
[PlyCount "146"]
[WhiteFideId "16267885"]
[BlackFideId "16267818"]
[EventCountry "GER"]
[EventRounds "9"]
[EventType "swiss"]
[EventDate "2022.06.04"]

1. e4 {[%clk 01:30:57]} {[%emt 00:00:02]} d5 {[%clk 01:30:55]} {[%emt
00:00:05]} 2. exd5 {[%clk 01:31:20]} {[%emt 00:00:07]} Qxd5 {[%clk 01:31:20]}
{[%emt 00:00:06]} 3. Nc3 {[%clk 01:31:41]} {[%emt 00:00:09]} Qd6 {[%clk
01:31:46]} {[%emt 00:00:04]} 4. d4 {[%clk 01:31:57]} {[%emt 00:00:14]} Nf6
{[%clk 01:32:11]} {[%emt 00:00:06]} 5. Bc4 {[%clk 01:30:03]} {[%emt 00:02:23]}
a6 {[%clk 01:32:07]} {[%emt 00:00:35]} 6. Nf3 {[%clk 01:27:01]} {[%emt
00:03:32]} Nc6 {[%clk 01:32:15]} {[%emt 00:00:22]} 7. Be3 {[%clk 01:24:21]}
{[%emt 00:03:10]} Bg4 {[%clk 01:32:24]} {[%emt 00:00:21]} 8. Qd2 {[%clk
01:20:07]} {[%emt 00:04:43]} Bxf3 {[%clk 01:28:38]} {[%emt 00:04:16]} 9. gxf3
{[%clk 01:20:29]} {[%emt 00:00:08]} O-O-O {[%clk 01:24:39]} {[%emt 00:04:29]}
10. O-O-O {[%clk 01:19:30]} {[%emt 00:01:29]} e6 {[%clk 01:15:49]} {[%emt
00:09:19]} 11. Ne4 {[%clk 01:05:52]} {[%emt 00:14:09]} Qb4 {[%clk 01:14:48]}
{[%emt 00:01:31]} 12. Qe2 {[%clk 01:01:44]} {[%emt 00:04:37]} h6 {[%clk
01:00:38]} {[%emt 00:14:41]} 13. a3 {[%clk 00:49:28]} {[%emt 00:12:47]} Qa5
{[%clk 00:59:00]} {[%emt 00:02:07]} 14. Bd2 {[%clk 00:44:41]} {[%emt 00:05:16]}
Qa4 {[%clk 00:53:56]} {[%emt 00:05:35]} 15. Nc3 {[%clk 00:31:37]} {[%emt
00:13:34]} Qa5 {[%emt 00:04:40]} 16. Ne4 {[%clk 00:18:20]} {[%emt 00:13:42]}
Qb6 {[%clk 00:44:57]} {[%emt 00:05:24]} 17. Be3 {[%clk 00:14:50]} {[%emt
00:04:00]} Nxd4 {[%clk 00:34:10]} {[%emt 00:11:17]} 18. Bxd4 {[%clk 00:13:29]}
{[%emt 00:01:51]} Rxd4 {[%clk 00:33:43]} {[%emt 00:00:56]} 19. Rxd4 {[%clk
00:12:57]} {[%emt 00:01:02]} Qxd4 {[%clk 00:34:06]} {[%emt 00:00:07]} 20. Bxa6
{[%clk 00:09:30]} {[%emt 00:03:57]} Bxa3 {[%clk 00:27:28]} {[%emt 00:07:08]}
21. Bxb7+ {[%clk 00:05:30]} {[%emt 00:04:30]} Kxb7 {[%clk 00:26:55]} {[%emt
00:01:04]} 22. Qb5+ {[%clk 00:05:12]} {[%emt 00:00:47]} Qb6 {[%clk 00:27:06]}
{[%emt 00:00:20]} 23. Qxb6+ {[%clk 00:05:17]} {[%emt 00:00:24]} cxb6 {[%clk
00:27:24]} {[%emt 00:00:12]} 24. bxa3 {[%clk 00:05:32]} {[%emt 00:00:16]} Kc6
{[%clk 00:25:09]} {[%emt 00:02:44]} 25. Nxf6 {[%clk 00:02:58]} {[%emt
00:03:05]} gxf6 {[%clk 00:25:33]} {[%emt 00:00:06]} 26. Rg1 {[%clk 00:03:18]}
{[%emt 00:00:10]} Ra8 {[%clk 00:25:52]} {[%emt 00:00:11]} 27. Kb2 {[%clk
00:02:18]} {[%emt 00:01:30]} Ra4 {[%clk 00:26:10]} {[%emt 00:00:12]} 28. Rg3
{[%clk 00:01:41]} {[%emt 00:01:06]} Rh4 {[%clk 00:25:58]} {[%emt 00:00:43]} 29.
Rg7 {[%clk 00:00:42]} {[%emt 00:01:29]} Rf4 {[%clk 00:26:10]} {[%emt 00:00:18]}
30. Rg3 {[%clk 00:00:44]} {[%emt 00:00:28]} e5 {[%clk 00:26:09]} {[%emt
00:00:31]} 31. Kc3 {[%clk 00:00:41]} {[%emt 00:00:32]} Rh4 {[%clk 00:24:36]}
{[%emt 00:02:02]} 32. Rg7 {[%clk 00:00:37]} {[%emt 00:00:36]} Rf4 {[%clk
00:22:47]} {[%emt 00:02:19]} 33. Rg3 {[%clk 00:00:47]} {[%emt 00:00:20]} h5
{[%clk 00:22:37]} {[%emt 00:00:39]} 34. Kd2 {[%clk 00:00:40]} {[%emt 00:00:38]}
Kd5 {[%clk 00:19:30]} {[%emt 00:03:37]} 35. Ke2 {[%clk 00:00:47]} {[%emt
00:00:22]} Rh4 {[%clk 00:18:07]} {[%emt 00:01:53]} 36. Rg7 {[%clk 00:00:48]}
{[%emt 00:00:30]} Ke6 {[%clk 00:18:16]} {[%emt 00:00:21]} 37. Rg2 {[%clk
00:01:03]} {[%emt 00:00:15]} Rc4 {[%clk 00:18:10]} {[%emt 00:00:36]} 38. Rg8
{[%clk 00:00:44]} {[%emt 00:00:48]} Rxc2+ {[%clk 00:18:26]} {[%emt 00:00:14]}
39. Kf1 {[%clk 00:00:59]} {[%emt 00:00:16]} Rc3 {[%clk 00:18:09]} {[%emt
00:00:46]} 40. Kg2 {[%clk 00:01:09]} {[%emt 00:00:21]} Rxa3 {[%clk 00:18:29]}
{[%emt 00:00:10]} 41. Rb8 {[%clk 00:01:26]} {[%emt 00:00:13]} Rb3 {[%clk
00:18:46]} {[%emt 00:00:13]} 42. Rh8 {[%clk 00:01:34]} {[%emt 00:00:22]} b5
{[%clk 00:18:17]} {[%emt 00:00:59]} 43. Rxh5 {[%clk 00:01:43]} {[%emt
00:00:20]} Rb1 {[%clk 00:18:30]} {[%emt 00:00:18]} 44. Rh8 {[%clk 00:01:11]}
{[%emt 00:01:02]} b4 {[%clk 00:18:47]} {[%emt 00:00:13]} 45. Rb8 {[%clk
00:29:33]} {[%emt 00:02:08]} b3 {[%clk 00:49:09]} {[%emt 00:00:09]} 46. Rb7
{[%clk 00:28:33]} {[%emt 00:01:29]} b2 {[%clk 00:49:31]} {[%emt 00:00:08]} 47.
Rb8 {[%clk 00:28:14]} {[%emt 00:00:49]} Kf5 {[%clk 00:49:49]} {[%emt 00:00:12]}
48. Rb4 {[%clk 00:28:02]} {[%emt 00:00:40]} Kg5 {[%clk 00:50:03]} {[%emt
00:00:18]} 49. Rb8 {[%clk 00:28:03]} {[%emt 00:00:28]} f5 {[%clk 00:50:06]}
{[%emt 00:00:28]} 50. Rb5 {[%clk 00:27:33]} {[%emt 00:00:59]} Kf4 {[%clk
00:50:14]} {[%emt 00:00:22]} 51. Rb7 {[%clk 00:24:32]} {[%emt 00:03:31]} Kg5
{[%clk 00:49:59]} {[%emt 00:00:45]} 52. Rb5 {[%clk 00:24:35]} {[%emt 00:00:27]}
f6 {[%clk 00:49:45]} {[%emt 00:00:45]} 53. Rb4 {[%clk 00:23:46]} {[%emt
00:01:16]} e4 {[%clk 00:50:01]} {[%emt 00:00:17]} 54. Rb5 {[%clk 00:21:07]}
{[%emt 00:03:09]} Kh4 {[%clk 00:49:53]} {[%emt 00:00:37]} 55. Rb4 {[%clk
00:20:23]} {[%emt 00:01:15]} Kh5 {[%clk 00:49:41]} {[%emt 00:00:41]} 56. Rb5
{[%clk 00:20:35]} {[%emt 00:00:19]} Kg6 {[%clk 00:49:50]} {[%emt 00:00:21]} 57.
Rb7 {[%clk 00:19:46]} {[%emt 00:01:18]} Kh6 {[%clk 00:49:54]} {[%emt 00:00:26]}
58. Rb6 {[%clk 00:18:42]} {[%emt 00:01:35]} Kg7 {[%clk 00:50:14]} {[%emt
00:00:10]} 59. Rb7+ {[%clk 00:18:31]} {[%emt 00:00:41]} Kf8 {[%clk 00:50:32]}
{[%emt 00:00:10]} 60. Rb8+ {[%clk 00:15:49]} {[%emt 00:03:14]} Ke7 {[%clk
00:50:46]} {[%emt 00:00:16]} 61. Rb6 {[%clk 00:15:04]} {[%emt 00:01:13]} Kf7
{[%clk 00:51:01]} {[%emt 00:00:17]} 62. Rb7+ {[%clk 00:14:45]} {[%emt
00:00:49]} Ke6 {[%clk 00:51:24]} {[%emt 00:00:07]} 63. Rb6+ {[%clk 00:14:51]}
{[%emt 00:00:24]} Ke5 {[%clk 00:51:45]} {[%emt 00:00:08]} 64. fxe4 {[%clk
00:12:47]} {[%emt 00:02:34]} fxe4 {[%clk 00:52:03]} {[%emt 00:00:13]} 65. Rb5+
{[%clk 00:11:25]} {[%emt 00:01:51]} Kd4 {[%clk 00:51:50]} {[%emt 00:00:44]} 66.
Rb8 {[%clk 00:11:03]} {[%emt 00:00:52]} f5 {[%clk 00:52:08]} {[%emt 00:00:12]}
67. h4 {[%clk 00:09:53]} {[%emt 00:01:39]} f4 {[%clk 00:52:06]} {[%emt
00:00:32]} 68. h5 {[%clk 00:09:08]} {[%emt 00:01:15]} f3+ {[%clk 00:52:30]}
{[%emt 00:00:06]} 69. Kh2 {[%clk 00:09:10]} {[%emt 00:00:28]} e3 {[%clk
00:52:54]} {[%emt 00:00:06]} 70. fxe3+ {[%clk 00:06:53]} {[%emt 00:02:48]} Kxe3
{[%clk 00:53:07]} {[%emt 00:00:16]} 71. Re8+ {[%clk 00:04:30]} {[%emt
00:02:53]} Kd4 {[%clk 00:53:23]} {[%emt 00:00:14]} 72. Rb8 {[%clk 00:01:37]}
{[%emt 00:03:22]} f2 {[%clk 00:53:13]} {[%emt 00:00:41]} 73. Rd8+ {[%clk
00:00:59]} {[%emt 00:01:08]} Ke5 {[%emt 00:01:29]} 0-1

[Event "DEM U12w 2022"]
[Site "Willingen GER"]
[Date "2022.06.07"]
[Round "4"]
[White "Dodul, Alice"]
[Black "Huber, Laura"]
[Result "1/2-1/2"]
[Termination "normal"]
[Board "2"]
[WhiteElo "1329"]
[BlackElo "1340"]
[WhiteClock "01:13:36"]
[BlackClock "00:23:36"]
[PlyCount "86"]
[WhiteFideId "34623817"]
[BlackFideId "16270940"]
[EventCountry "GER"]
[EventRounds "9"]
[EventType "swiss"]
[EventDate "2022.06.04"]

1. e4 {[%clk 01:30:56]} {[%emt 00:00:03]} e5 {[%clk 01:30:55]} {[%emt
00:00:06]} 2. Nf3 {[%clk 01:31:20]} {[%emt 00:00:06]} Nc6 {[%clk 01:31:14]}
{[%emt 00:00:11]} 3. Bc4 {[%clk 01:31:28]} {[%emt 00:00:21]} Bc5 {[%clk
01:31:12]} {[%emt 00:00:33]} 4. Nc3 {[%clk 01:31:44]} {[%emt 00:00:13]} d6
{[%clk 01:28:16]} {[%emt 00:03:26]} 5. h3 {[%clk 01:31:50]} {[%emt 00:00:24]}
Nf6 {[%clk 01:24:17]} {[%emt 00:04:30]} 6. d3 {[%clk 01:31:27]} {[%emt
00:00:52]} Na5 {[%clk 01:18:54]} {[%emt 00:05:54]} 7. Bb3 {[%clk 01:31:03]}
{[%emt 00:00:54]} Nxb3 {[%clk 01:19:00]} {[%emt 00:00:24]} 8. axb3 {[%clk
01:31:21]} {[%emt 00:00:11]} c6 {[%clk 01:13:53]} {[%emt 00:05:37]} 9. Na4
{[%clk 01:31:00]} {[%emt 00:00:51]} Bb4+ {[%clk 01:10:23]} {[%emt 00:04:00]}
10. Bd2 {[%clk 01:29:45]} {[%emt 00:01:44]} Bxd2+ {[%clk 01:10:34]} {[%emt
00:00:20]} 11. Qxd2 {[%clk 01:29:49]} {[%emt 00:00:25]} b5 {[%clk 00:59:34]}
{[%emt 00:11:32]} 12. Nc3 {[%clk 01:29:47]} {[%emt 00:00:31]} O-O {[%clk
00:45:48]} {[%emt 00:14:16]} 13. O-O {[%clk 01:29:25]} {[%emt 00:00:52]} Bb7
{[%clk 00:39:59]} {[%emt 00:06:20]} 14. Qe3 {[%clk 01:28:15]} {[%emt 00:01:40]}
b4 {[%clk 00:37:08]} {[%emt 00:03:21]} 15. Ne2 {[%clk 01:27:54]} {[%emt
00:00:50]} c5 {[%clk 00:37:10]} {[%emt 00:00:29]} 16. c3 {[%clk 01:25:41]}
{[%emt 00:02:42]} a5 {[%clk 00:36:28]} {[%emt 00:01:12]} 17. Qg5 {[%clk
01:23:40]} {[%emt 00:02:32]} Nd7 {[%clk 00:35:10]} {[%emt 00:01:47]} 18. Qg3
{[%clk 01:22:12]} {[%emt 00:01:57]} f5 {[%clk 00:29:36]} {[%emt 00:06:05]} 19.
Ng5 {[%clk 01:18:38]} {[%emt 00:04:04]} Qe7 {[%clk 00:27:37]} {[%emt 00:02:29]}
20. exf5 {[%clk 01:16:14]} {[%emt 00:02:54]} Rxf5 {[%clk 00:26:08]} {[%emt
00:02:00]} 21. h4 {[%clk 01:12:46]} {[%emt 00:03:58]} h6 {[%clk 00:22:50]}
{[%emt 00:03:48]} 22. Qg4 {[%clk 01:09:19]} {[%emt 00:03:55]} Rff8 {[%clk
00:20:47]} {[%emt 00:02:34]} 23. Ne4 {[%clk 01:05:59]} {[%emt 00:03:50]} Nf6
{[%clk 00:19:59]} {[%emt 00:01:19]} 24. Nxf6+ {[%clk 01:04:40]} {[%emt
00:01:48]} Rxf6 {[%clk 00:19:03]} {[%emt 00:01:27]} 25. f4 {[%clk 01:03:16]}
{[%emt 00:01:53]} Qe6 {[%clk 00:14:09]} {[%emt 00:05:21]} 26. Qxe6+ {[%clk
01:02:23]} {[%emt 00:01:25]} Rxe6 {[%emt 00:00:04]} 27. fxe5 {[%clk 01:02:03]}
{[%emt 00:00:48]} Rxe5 {[%clk 00:14:44]} {[%emt 00:00:25]} 28. Nf4 {[%clk
01:01:14]} {[%emt 00:01:18]} Re3 {[%clk 00:14:06]} {[%emt 00:01:07]} 29. Rfe1
{[%clk 00:59:50]} {[%emt 00:01:55]} Rxe1+ {[%emt 00:02:14]} 30. Rxe1 {[%clk
00:59:40]} g5 {[%clk 00:09:28]} {[%emt 00:04:04]} 31. hxg5 {[%clk 00:59:17]}
{[%emt 00:00:54]} hxg5 {[%clk 00:09:55]} {[%emt 00:00:03]} 32. Re7 {[%clk
00:57:06]} {[%emt 00:02:40]} Ba6 {[%clk 00:07:22]} {[%emt 00:03:03]} 33. Ne6
{[%clk 00:55:27]} {[%emt 00:02:09]} Bxd3 {[%clk 00:06:18]} {[%emt 00:01:34]}
34. Nxg5 {[%clk 00:54:32]} {[%emt 00:01:24]} Bc2 {[%clk 00:05:30]} {[%emt
00:01:20]} 35. cxb4 {[%clk 00:52:29]} {[%emt 00:02:33]} axb4 {[%clk 00:04:44]}
{[%emt 00:01:16]} 36. Ne4 {[%clk 00:51:32]} {[%emt 00:01:26]} Bxb3 {[%clk
00:02:44]} {[%emt 00:02:31]} 37. Nxd6 {[%clk 00:50:17]} {[%emt 00:01:44]} Rd8
{[%clk 00:02:47]} {[%emt 00:00:27]} 38. Ne4 {[%clk 00:48:00]} {[%emt 00:02:47]}
Rd1+ {[%clk 00:03:09]} {[%emt 00:00:08]} 39. Kf2 {[%clk 00:48:01]} {[%emt
00:00:29]} Rb1 {[%clk 00:02:12]} {[%emt 00:01:28]} 40. Nxc5 {[%clk 00:46:58]}
{[%emt 00:01:33]} Rxb2+ {[%clk 00:02:30]} {[%emt 00:00:12]} 41. Kg3 {[%clk
00:46:54]} {[%emt 00:00:33]} Bd5 {[%clk 00:00:57]} {[%emt 00:02:03]} 42. Ne4
{[%clk 00:44:47]} {[%emt 00:02:37]} Kf8 {[%clk 00:27:12]} {[%emt 00:04:14]} 43.
Re5 {[%clk 01:13:36]} {[%emt 00:01:41]} Bc6 {[%clk 00:23:36]} {[%emt 00:04:07]}
1/2-1/2